000 00307nam a2200145Ia 4500
100 _aDriankev/D/ Hellendoorn H
942 _cBK
654 _afuzzy control
245 _aFuzzy control
260 _bNarosa Pub House
_c1993
082 _a511.322
_bDRI
300 _a316
546 _aENGLISH
999 _c20231
_d20231